Bez názvu

Bibliographic Details
Main Author: Nekula, Marek, 1965- (Author)
Format: Article
Language:Slovak
Czech
Subjects:

MARC

LEADER 00000nab a2200000 a 4500
001 vtls000446757
003 SK-MaSNL
005 20260304082654.0
008 250424c1992 xo 0 slo
015 |a SNBRB19rr/mm-uuuuu 
035 |a CL0446888 
035 |a urn:nbn:sk:snk-ab9cm7 
035 |a (urnnbn)urn:nbn:sk:snk:ar-a0893p 
035 |a (uuid)f8ad5c2b-c24d-4ed6-ae60-547da8564e19 
040 |a SNKBUCL  |b slo  |c SNKBUCL  |e AACR2 
041 0 |a cze 
044 |a xo  |c SK 
080 |a 885.0-3  |2 1981 
100 1 |a Nekula, Marek,  |d 1965-  |4 aut  |9 152759 
245 1 0 |a Bez názvu  |c Marek Nekula 
500 |a Dat. (únor 1989). 
650 0 7 |a poviedky psychologické  |2 snkbucl  |9 893883 
655 7 |a články z novín a časopisov  |2 snkbucl  |9 267496 
773 0 |t Fragment  |g Roč. 6, č. 1 (1992), s. 75-80 
850 |a Slovenská národná knižnica 
852 |a Slovenská národná knižnica 
958 |a article13 
958 |a OND 
958 |a RK 
958 |a CZ 
958 |a LX 
992 |a RBX 
999 |c 2797751  |d 2799681